| 000 | 00823cam a22002773a 4500 | ||
|---|---|---|---|
| 001 | 12056 | ||
| 003 | PGUSA | ||
| 005 | 20140828083244.0 | ||
| 008 | 040401s2004||||xxu|||||s|||||000 | eng d | ||
| 040 |
_aPGUSA _beng |
||
| 042 | _adc | ||
| 050 | 4 | _aBX | |
| 100 | 1 |
_aNewman, Francis William, _d1805-1897 |
|
| 245 | 1 | 0 |
_aPhases of Faith; Or, Passages from the History of My Creed _h[electronic resource] / _cFrancis William Newman |
| 260 |
_bProject Gutenberg, _c2004 |
||
| 506 | _aPublic domain in the USA. | ||
| 516 | _aElectronic text | ||
| 653 | _aUnitarians -- Biography | ||
| 653 | _aSpiritual biography | ||
| 653 | _aChristianity | ||
| 653 | _aNewman, Francis William, 1805-1897 | ||
| 653 | _aFaith | ||
| 830 | 0 |
_aProject Gutenberg _v12056 |
|
| 856 | 4 | 0 | _uhttp://www.gutenberg.org/ebooks/12056 |
| 942 | _cEB | ||
| 999 |
_c241311 _d241311 |
||